[Event "Olympiad Women-42"]
[Site "Baku"]
[Date "2016.09.12"]
[Round "10.1"]
[White "Mammadzada, Gunay Vuqar Qizi"]
[Black "Rodriguez Rueda, Paula Andrea"]
[Result "1-0"]
[WhiteElo "2361"]
[BlackElo "2326"]
[PlyCount "87"]
[EventDate "2016.09.02"]
[EventType "team-swiss"]
[EventRounds "11"]
[EventCountry "AZE"]
[SourceTitle "CBM 174 Extra"]
[Source "ChessBase"]
[SourceDate "2016.10.10"]
[SourceVersion "1"]
[SourceVersionDate "2016.10.10"]
[SourceQuality "1"]
[WhiteTeam "Azerbaijan (W)"]
[BlackTeam "Colombia (W)"]
[WhiteTeamCountry "AZE"]
[BlackTeamCountry "COL"]

1. e4 c5 2. Nf3 d6 3. d4 cxd4 4. Nxd4 Nf6 5. Nc3 a6 6. Be3 e5 7. Nb3 Be6 8. Qd2 Be7 9. 0-0-0 Nbd7 10. f4 b5 11. Kb1 Rc8 12. h3 0-0 13. g4 b4 14. Nd5 Nxe4 15. Nxe7+ Qxe7 16. Qxb4 Ng3 17. Rg1 Nxf1 18. Rgxf1 Bxb3 19. axb3 Rc6 20. Rf2 Rb8 21. Qa4 Rbc8 22. Rfd2 Nf8 23. c3 Qh4 24. f5 Qxh3 25. Qe4 Qh4 26. Rxd6 Rxd6 27. Rxd6 h5 28. Qxe5 Qxg4 29. Rd4 Qg2 30. Rd2 Qf1+ 31. Ka2 Nh7 32. Bd4 Nf6 33. Rf2 Qh1 34. Qg3 Ng4 35. f6 g6 36. Re2 Qc6 37. Re7 Nh6 38. Re5 Ng4 39. Rg5 Rd8 40. Qf4 Qd6 41. Qf5 Qf8 42. Bc5 Qh6 43. Be7 Kh8 44. Qf4 1-0